New headway English course : Pre-Intermediate Class Cassette 1: (Record no. 4625)
[ view plain ]
| 000 -LEADER | |
|---|---|
| fixed length control field | 00748nac a22001811u 4500 |
| 008 - FIXED-LENGTH DATA ELEMENTS--GENERAL INFORMATION | |
| fixed length control field | 100711t xxu||||| |||| 00| 0 eng d |
| 082 ## - DEWEY DECIMAL CLASSIFICATION NUMBER | |
| Classification number | 428.24 |
| Item number | J6131 |
| 100 ## - MAIN ENTRY--PERSONAL NAME | |
| Personal name | John. |
| 9 (RLIN) | 16172 |
| 245 ## - TITLE STATEMENT | |
| Title | New headway English course : Pre-Intermediate Class Cassette 1: |
| Remainder of title | Pre-Intermediate Class Cassette 1/ |
| Statement of responsibility, etc | John and Liz Soars |
| 246 ## - VARYING FORM OF TITLE | |
| Medium | Audio Cassette Class 1. |
| 260 ## - PUBLICATION, DISTRIBUTION, ETC. (IMPRINT) | |
| Place of publication, distribution, etc | Oxford: |
| Name of publisher, distributor, etc | Oxford University Press, |
| Date of publication, distribution, etc | c2000 (2001 [printing]) |
| 300 ## - PHYSICAL DESCRIPTION | |
| Extent | Audio Cassette. |
| Other physical details | Class 1. |
| 600 ## - SUBJECT ADDED ENTRY--PERSONAL NAME | |
| Personal name | John. |
| 9 (RLIN) | 16173 |
| 650 ## - SUBJECT ADDED ENTRY--TOPICAL TERM | |
| Topical term or geographic name as entry element | English language |
| General subdivision | Audio Cassette for foreign speakers and listener. |
| 9 (RLIN) | 16174 |
| 650 ## - SUBJECT ADDED ENTRY--TOPICAL TERM | |
| Topical term or geographic name as entry element | English language |
| General subdivision | Grammar -- Problems, exercises |
| 9 (RLIN) | 16175 |
| 700 ## - ADDED ENTRY--PERSONAL NAME | |
| Personal name | Soars,Liz |
| 9 (RLIN) | 16176 |
| 942 ## - ADDED ENTRY ELEMENTS (KOHA) | |
| Item type | Book - Borrowing |
| Call number prefix | 428.24 21J6131 |
| Source of classification or shelving scheme | Dewey Decimal Classification |
| Withdrawn status | Lost status | Source of classification or shelving scheme | Materials specified (bound volume or other part) | Damaged status | Not for loan | Koha collection | Location (home branch) | Sublocation or collection (holding branch) | Shelving location | Date acquired | Source of acquisition | Koha issues (times borrowed) | Koha renewals | Koha full call number | Piece designation (barcode) | Koha date last seen | Koha date last borrowed | Price effective from | Koha item type | Public note |
|---|---|---|---|---|---|---|---|---|---|---|---|---|---|---|---|---|---|---|---|---|
| Dewey Decimal Classification | Lost In Inventory_2015-8-23 | Central Library | Central Library | Second Floor | 07/09/2012 | 2 | 1 | 428.24 SOA | 000005672 | 24/08/2022 | 29/09/2010 | 12/09/2007 | Cassette (NB) | Class Cassette 1 | ||||||
| Dewey Decimal Classification | Central Library | Central Library | Second Floor | 14/04/2010 | 428.24 SOA | 000020622 | 24/08/2022 | 14/04/2010 | Cassette (NB) | Class Cassette 1 |